Reviewing theatre history:disciplinary agendas cultural areas, institutions in South and South-East-Asia:report & papers (Record no. 19305)

MARC details
000 -LEADER
fixed length control field 00792nam a2200181Ia 4500
082 ## - DEWEY DECIMAL CLASSIFICATION NUMBER
Classification number 306 INT-R
100 ## - MAIN ENTRY--AUTHOR NAME
Personal name Institute of Economic Growth
245 #0 - TITLE STATEMENT
Title Reviewing theatre history:disciplinary agendas cultural areas, institutions in South and South-East-Asia:report & papers
300 ## - PHYSICAL DESCRIPTION
Number of Pages v.p.
500 ## - GENERAL NOTE
General note contents: sponsored by Indian Council of Social Science Research, New Delhi...[et al.]
650 ## - SUBJECT ADDED ENTRY--TOPICAL TERM
Topical Term Culture
Form subdivision Congresses
650 ## - SUBJECT ADDED ENTRY--TOPICAL TERM
Topical Term Theater
Form subdivision History
-- Congresses
650 ## - SUBJECT ADDED ENTRY--TOPICAL TERM
Topical Term Theater and society
Form subdivision Congresses
700 ## - ADDED ENTRY--PERSONAL NAME
Personal name National University of Singapore
700 ## - ADDED ENTRY--PERSONAL NAME
Personal name Indian Council of Social Science Research
710 ## - ADDED ENTRY--CORPORATE NAME
Corporate name or jurisdiction name as entry element International Conference on Reviewing Theatre history: Disciplinary Agendas Cultural Areas, Institutions in South and South-East-Asia
942 ## - ADDED ENTRY ELEMENTS (KOHA)
Koha item type Books
Holdings
Withdrawn status Lost status Damaged status Not for loan Home library Current library Date acquired Bill Date Full call number Accession Number Price effective from Koha item type
        NASSDOC Library NASSDOC Library 29/09/2011 2011-09-12 306 INT-R 47417 18/04/2019 Books